"Bátran újrakezdeném" interjú Sztevánovity Zoránnal - két felvidéki koncert előtt

Bibliographic Details
Main Authors: Oriskó, Norbert, 1964- (Author, Interviewer), Sztevánovity, Zorán, 1942- (Author)
Format: Article
Language:Hungarian
PhysicalDescription:Fotogr.
ISSN:1335-6631
Subjects:

MARC

LEADER 00000nab a2200000 ar4500
001 vtls009150679
003 SK-MaSNL
005 20260319071205.0
008 071016c2007 xo |||||||h 000 b|hun
015 |a SNBRB2007/07  |2 snkbucl 
038 |a SNKBUCL 
040 |a DSZK  |b slo  |c DSZK  |e AACR2 
041 0 |a hun 
044 |a xo  |c SK 
080 |a 78.071.2:784.66  |2 1997 
080 |a 784.66  |2 1997 
100 1 |a Oriskó, Norbert,  |d 1964-  |4 ivr  |4 aut  |9 440662 
245 1 0 |a "Bátran újrakezdeném"  |b interjú Sztevánovity Zoránnal - két felvidéki koncert előtt  |c [beszélgetett] Oriskó Norbert 
300 |b Fotogr. 
600 1 7 |a Sztevánovity, Zorán,  |d 1942-  |2 snkbucl  |9 526159 
700 1 |a Sztevánovity, Zorán,  |d 1942-  |4 ive  |4 aut  |9 526159 
773 0 |t Szabad újság  |g Évf. XV, sz. 40 (2007), o. 13  |x 1335-6631 
852 |a SNK  |b KIS3GCP 
852 |a DSZK  |b KIS3GCP 
958 |a HU 
958 |a BC 
999 |c 1744856  |d 1746786